[Event "RUS-ch 53rd"]
[Site "Samara"]
[Date "2000.06.26"]
[Round "10"]
[White "Motylev, Alexander"]
[Black "Galliamova, Alisa"]
[Result "1/2-1/2"]
[WhiteElo "2552"]
[BlackElo "2515"]
[Annotator "Rogozenco,D"]
[PlyCount "95"]
[EventDate "2000.06.03"]
[EventType "swiss"]
[EventRounds "11"]
[EventCountry "RUS"]
[SourceTitle "CBM 078"]
[Source "ChessBase"]
[SourceDate "2000.10.18"]
[SourceVersion "1"]
[SourceVersionDate "2000.10.18"]
[SourceQuality "1"]

1. e4 c5 2. Nf3 Nc6 3. d4 cxd4 4. Nxd4 Nf6 5. Nc3 e5 6. Ndb5 d6 7. Bg5 a6 8.
Na3 b5 9. Nd5 Be7 10. Bxf6 Bxf6 11. c3 Bg5 12. Nc2 Rb8 13. a3 (13. a4 {is the
main and probably strongest move in the position.}) 13... a5 14. Bd3 (14. Be2
O-O $11) 14... Ne7 15. Nce3 $6 {After this move Black faces no opening
problems at all. 15.Nxe7 followed by 16.Qe2 was the logical continuation.} (15.
Nxe7 Qxe7 16. Qe2 O-O 17. O-O Bd7 18. b4 axb4 19. Nxb4 Rfc8 20. c4 bxc4 21.
Bxc4 Be6 22. Bd5 Qd7 23. Qa6 Rc3 24. Rfd1 Bg4 25. Rdb1 Rbc8 26. a4 h5 27. a5
Bh4 28. Qb7 R3c7 29. a6 Bh3 30. gxh3 Qxh3 31. Qb6 Bg5 32. Nd3 Qg4+ 33. Kf1 Qh3+
34. Kg1 Qg4+ 35. Kf1 Qh3+ {1/2-1/2 Kasparov,G-Kramnik,V/Frankfurt 2000}) 15...
Bxe3 {Typical. Black trades the Bishop for the Knight which is on his way to
d5.} 16. Nxe3 O-O 17. O-O Be6 $11 18. Qe2 Qb6 19. Rfd1 g6 {A possible plan,
but not a necessary one. Black didn't play f5 in the game, so it's not clear
why she played g6. Playing on the queenside is a good alternative.} (19... Rfd8
20. Rd2 b4 $5 {fighting for d4 square.} 21. axb4 (21. cxb4 axb4 22. a4 (22. Bc4
bxa3 23. bxa3 Nc6 24. Bxe6 fxe6 $11) 22... Nc6 {[%cal Gc6d4]}) (21. Bc4 bxc3
22. bxc3 Bxc4 23. Nxc4 Qa6 24. Rad1 Ng6 $5 $13 25. g3 Rbc8 $132) 21... axb4 22.
Ra6 Qc5 $11) 20. Rd2 Kh8 21. Rad1 Qc5 22. h3 Rb6 (22... f5 23. Bc2 f4 $11) 23.
Bb1 Kg7 24. Qf3 f6 {Black decided to wait, and it seems that the position is
equal even after that. The weakness on d6 is defended and White can do nothing
real.} 25. b4 $6 {At the first sight a good move, but after the excellent
Black's answer it is clear that White should've restrained from making it at
this point.} Qc7 $1 {[%csl Ra3,Rc3]} (25... axb4 26. cxb4 Qc7 {is also
possible, but the game move is stronger.}) (25... Qxc3 $4 26. Nf5+ $18) 26.
bxa5 Rc6 27. Qe2 Rb8 28. Rb2 Qxa5 $132 29. a4 (29. Ba2 Bxa2 30. Rxa2 Qxc3 $17
31. Rc2 $2 Qxa3 $19) 29... Qxa4 30. Ba2 Bg8 (30... Bxa2 $2 31. Rxa2 Qxe4 32.
Ra7 Kf8 $4 (32... Re8 33. Qxb5 $16) 33. Rxe7 Kxe7 34. Nd5+ $18) 31. Bxg8 Nxg8
32. Ra2 Qxe4 33. Ra7+ Kh8 34. Qa2 {White found an interesting way to create
active play, but also a risky one if Black manages to defend. On the other
hand the pieces activity seem to guarantee White enough compensation in any
case.} Rcb6 35. Qe6 R6b7 36. Qxd6 Rxa7 37. Qxb8 Qb7 38. Qe8 Ra8 39. Qe6 Ra6 40.
Qe8 {White's activity is enough to mentain the balance.} Ra8 41. Qe6 Ra6 42.
Qb3 Ra8 43. Rd6 (43. c4 b4 44. Nd5 $13) 43... Ra1+ 44. Kh2 Qe4 45. Nd5 (45. Qb2
Qf4+ 46. g3 Qa4 $17) 45... Qa4 (45... Qh4 46. Qb2 (46. g3 $4 Qe4 $19) 46... Qa4
47. Nxf6 Ra2 48. Rd8 Kg7 49. Rxg8+ Kxf6 {is also a draw after the soon
exchange of Queens.}) 46. Qxa4 bxa4 47. Nxf6 Nxf6 48. Rxf6 1/2-1/2

[Event "EU-ch 4th"]
[Site "Istanbul"]
[Date "2003.06.01"]
[Round "3"]
[White "Smirnov, Pavel"]
[Black "Nijboer, Friso"]
[Result "1/2-1/2"]
[WhiteElo "2615"]
[BlackElo "2562"]
[Annotator "Rogozenco,D"]
[PlyCount "71"]
[EventDate "2003.05.30"]
[EventType "swiss"]
[EventRounds "13"]
[EventCountry "TUR"]
[SourceTitle "CBM 096"]
[Source "ChessBase"]
[SourceDate "2003.09.25"]
[SourceVersion "1"]
[SourceVersionDate "2003.09.25"]
[SourceQuality "1"]

1. e4 c5 2. Nf3 Nc6 3. d4 cxd4 4. Nxd4 Nf6 5. Nc3 e5 6. Ndb5 d6 7. Bg5 a6 8.
Na3 b5 9. Bxf6 gxf6 10. Nd5 f5 11. Bd3 Be6 12. O-O Bxd5 13. exd5 Ne7 14. Qh5 e4
15. Be2 Bg7 16. c3 O-O (16... Qc8 17. Rad1 O-O 18. Nc2 Ng6 19. f4 $14 {1-0
Grischuk,A-Sprenger,J/Cologne 2003 (38)}) 17. Nc2 f4 18. Qg5 {White wins a
pawn with this move, but it was always considered that Black gets a good
compensation. However, in our computer era such lines are often re-evaluated. 
18.Qg5 was used by Grischuk versus Krasenkow in the beginning of 2003, but
Polish specialist of Sveshnikov Sicilian wasn't surprised and reacted in the
best way, by sacrificing even more material for the initiative. That game
ended in a draw after an interesting battle. At some moment though, White was
two pawns up and I suspect that certain players after analyzing it with the
help of computer consider that White can defend and keep the extra material.
In my opinion Black gets full compensation in this line and no computers will
change this evaluation. The more White will investigate and improve his
defensive methods, the more Black will find ways to increase the initiative
and prove compensation for slight material deficit.} f5 19. Rfd1 f3 20. gxf3
Kh8 21. Kh1 Be5 $146 {Black is the first one to deviate. It only demonstrates
that there are lots of options for Black to treat the position.} ({Krasenkow
played} 21... Rg8 22. Qe3 Ng6 23. Nd4 Be5 24. Nxf5 exf3 25. Qxf3 (25. Bxf3 {
is a possible improvement, but I believe Black has enough compensation here as
well.}) 25... Qf6 26. Bd3 Nh4 27. Qh5 Rg2 28. f4 Bxf4 29. Ng3 Qh6 30. Qxh6 Bxh6
31. a4 Rxb2 32. axb5 Rf8 33. Rf1 Rxf1+ 34. Bxf1 axb5 35. Ra8+ Kg7 36. Ra7+ Kg8
37. Ra8+ Kf7 38. Ra7+ Kg8 39. Ra8+ Kf7 40. Ra7+ Kg8 {1/2-1/2 Grischuk,
A-Krasenkow,M/Luebeck 2003}) 22. f4 (22. Qe3 $6 {With the idea to transpose
into Grischuk's game after 22...Rg8.23.Nd4 Ng6. But stronger is the immediate
22...Ng6.} Ng6 $1 $36 {Black doesn't need here the move Rg8 and has a very
strong initiative.}) 22... Rg8 23. Qh4 Bg7 $44 {[%csl Rh4]} 24. Bh5 (24. Nd4 $2
Bxd4 25. Rxd4 Ng6 26. Qxd8 (26. Qg3 Nh4 27. Qh3 Qf6 $44 {/-/+} 28. Rdd1) 26...
Raxd8 $17) (24. f3 $13) 24... Qf8 25. Ne3 (25. Nd4 $6 Bxd4 26. Rxd4 Qg7 27. Qh3
Qh6 $5 $44) 25... Bf6 26. Qh3 Qh6 27. Nxf5 {Leads to draw almost by force.} (
27. Bg4 Qxf4 28. Bxf5 Rg7 $44) 27... Nxf5 28. Qxf5 Raf8 29. Rg1 Rxg1+ 30. Rxg1
Bxc3 31. Qxe4 Bxb2 {After a series of forced moves the arising position is
equal.} 32. Rg5 Qf6 33. Rg4 Bc1 34. Qe6 Bb2 35. f5 a5 36. Qxf6+ 1/2-1/2

[Event "Skopje op 18th"]
[Site "Skopje"]
[Date "2002.01.15"]
[Round "1"]
[White "Gicev, Blagoja"]
[Black "Rogozenco, Dorian"]
[Result "0-1"]
[WhiteElo "2336"]
[BlackElo "2530"]
[Annotator "Rogozenco,D"]
[PlyCount "98"]
[EventDate "2002.01.15"]
[EventType "swiss"]
[EventRounds "9"]
[EventCountry "MKD"]
[SourceTitle "CBM 088"]
[Source "ChessBase"]
[SourceDate "2002.03.21"]
[SourceVersion "1"]
[SourceVersionDate "2002.03.21"]
[SourceQuality "1"]

1. e4 c5 2. Nf3 Nc6 3. d4 cxd4 4. Nxd4 Nf6 5. Nc3 e6 6. Ndb5 d6 7. Bf4 e5 8.
Bg5 a6 9. Na3 b5 10. Nd5 Be7 11. Nxe7 Nxe7 12. Bxf6 gxf6 13. c4 {An
interesting sideline, which is rarely played nowardays.} Qa5+ {The resulting
endgame is about equal.} (13... f5 $6) ({More ambitious, but also more risky is
} 13... Bb7 14. cxb5 Bxe4 15. Qa4 d5 16. bxa6+ Kf8) 14. Qd2 Qxd2+ 15. Kxd2 b4
16. Nc2 Rb8 17. Ne3 f5 18. exf5 (18. f3 $6 Rg8 19. g3 Bb7 20. exf5 Bxf3 21. Rg1
Nc6 22. Bg2 Nd4 $11 {/=/+ 0-1 Bojkovic,N-Maksimovic,S/Belgrade 1993 (36)})
18... Nxf5 19. Nxf5 (19. Bd3 Nd4 20. Nd5 f5 21. f4 e4 22. Ke3 Ne6 23. Be2 Nc5
24. b3 Kf7 25. Rhd1 h5 26. Kf2 h4 27. Ne3 Rb6 28. Rd2 a5 29. Rad1 Rh6 $11 {
1/2-1/2 Chudnovsky,J-Yedidia,J/Chicago 1997 (41)}) 19... Bxf5 20. Bd3 Be6 ({
Objectively better was} 20... Bxd3 {but that would have meant to make a draw
after} 21. Kxd3 Rg8 22. g3 Rg4 23. b3 $11) 21. Rhe1 (21. b3) 21... Ke7 22. Rac1
$6 (22. b3 {/\a3 and White is slightly better.}) 22... Rhc8 23. c5 a5 24. cxd6+
Kxd6 25. Rxc8 Rxc8 26. a3 $1 $11 {This precise move should make a draw without
any problems.} Rb8 27. Rc1 (27. axb4 $142 Rxb4 28. Kc3 $11 Rh4 29. h3 f5 30.
Ra1 a4 {should be draw of course.}) 27... f5 28. g3 e4 29. Be2 Bd7 30. axb4
Rxb4 31. Kc3 Kc5 32. Ra1 a4 33. Rd1 Rb3+ 34. Kc2 Rb7 35. Kc3 Bb5 {The only
chance to make progress is to trade bishops.} 36. Bxb5 Rxb5 37. Rd8 Rb3+ 38.
Kc2 Rf3 39. Rd2 Kc4 40. Kc1 h5 {Black could hardly achieve more than this. But
even so White has good chances to hold, all he must do is to wait by playing
Kc2 and Re2-d2. Black would push the pawn to h3, then advance e3 at one moment,
although I believe White must be able to hold a draw.} 41. Rc2+ Kb3 42. Re2 {
threatening 43.Re3+} Kc4 43. Rc2+ Kd5 44. Kd1 $2 h4 45. Ke1 h3 46. Rc8 Rb3 47.
Ra8 Rb4 $1 48. Ra5+ Kc4 49. Rxf5 Rxb2 (49... Rxb2 50. Ra5 Kb4 51. Ra8 a3 $19)
0-1

[Event "Monarch Assurance 15th"]
[Site "Port Erin"]
[Date "2006.09.23"]
[Round "1"]
[White "Korneev, Oleg"]
[Black "Devereaux, Maxim"]
[Result "1/2-1/2"]
[WhiteElo "2638"]
[BlackElo "2377"]
[Annotator "Rogozenco,D"]
[PlyCount "117"]
[EventDate "2006.09.23"]
[EventType "swiss"]
[EventRounds "9"]
[EventCountry "IOM"]
[SourceTitle "CBM 114 Extra"]
[Source "ChessBase"]
[SourceDate "2006.11.03"]
[SourceVersion "1"]
[SourceVersionDate "2006.11.03"]
[SourceQuality "1"]

1. e4 c5 2. Nf3 Nc6 3. d4 cxd4 4. Nxd4 Nf6 5. Nc3 e5 6. Ndb5 d6 7. Bg5 a6 8.
Na3 b5 9. Nd5 Be7 10. Bxf6 Bxf6 11. c3 O-O 12. Nc2 Bg5 13. a4 bxa4 14. Rxa4 a5
15. Bc4 Rb8 16. b3 Kh8 17. Nce3 g6 {Due to multiple forced lines in this
variation, lately Black players were mainly trying to find other systems.
However, objectively Black is doing okay in all these complications and the
present game shows that with a good theoretical knowledge the variation can be
played even against much more experienced opponents.} 18. h4 Bxh4 19. g3 Bg5
20. f4 exf4 21. gxf4 Bh4+ 22. Kd2 (22. Kf1 f5 $13) 22... Ne7 ({After} 22... f5
{critical is} 23. exf5 (23. Bd3 Ne7 24. Rxh4 Nxd5 25. Qh1 Nf6 $13 {1/2-1/2
Ponomariov,R (2721)-Van Wely,L (2675)/San Sebastian 2006  (31)}) 23... Bxf5 24.
Nxf5 Rxf5 25. Kc1) (22... Bf6 $6 23. Kc1 (23. Rh2 $5 {[%cal Gd1h1]}) 23... Bg7
24. Ra2 h6 25. Rah2 $40) 23. Kc1 (23. Kc2 Nxd5 24. Nxd5 Be6 25. Ra1 (25. Qd4+
Kg8 26. Rha1 Bxd5 27. Qxd5 Bg3 28. Rf1 {1/2-1/2 Leskur,D (2477)-Vukic,M (2506)/
Zlatibor 2006}) 25... Bf6 26. Rh2 Bg7 27. Qd2 a4 $1 28. Rah1 (28. Rxa4 Ra8 $132
) 28... axb3+ 29. Bxb3 Bxd5 30. Rxh7+ Kg8 31. Bxd5 Qf6 $11 {1/2-1/2 Korneev,O 
(2638)-Solak,D (2564)/Vrsac 2006 (39)}) 23... Nxd5 24. Nxd5 Be6 (24... f5 $2
25. Rxh4 Qxh4 26. Qd4+ $18) (24... Bf6 $2 25. Ra2 Bg7 26. Rah2 h6 27. Qg1 Kg8 (
27... Be6 28. Rxh6+ Bxh6 29. Qh2 $18) 28. Rxh6 Bxh6 29. Qh2 $18) 25. Qd4+ (25.
Ra2 Bxd5 (25... Rg8 26. Rah2 g5 27. Qd4+ Rg7 28. Nf6 $36 {[%cal Gf6h5]}) 26.
Qxd5 Qf6 27. Qd2 Bg3 28. Rf1 d5 $1 29. exd5 (29. Bxd5 g5) 29... Rfe8 $13) 25...
Kg8 26. Ra2 Bxd5 27. Qxd5 (27. Bxd5 Bf6 28. Qd3 Qc7 $15) 27... Qf6 28. Qd2 Bg3
29. Rf1 d5 $1 $146 {[%mdl 8] An excellent knowledge of theory. This move was
recommended in CBM 106 as improvement over Leko's 29...h5.} (29... h5 30. Rxa5
Ra8 31. e5 $1 $36 {1/2-1/2 Topalov,V (2757)-Leko,P (2749)/Linares 2005 (57)
White overtakes the initiative.}) (29... Rfe8 30. e5 $5 dxe5 $140 31. fxe5 {
[%csl Rf7]}) ({The immediate} 29... g5 $2 {is not possible because the rook on
f1 is protected} 30. fxg5 $18) 30. Bxd5 (30. exd5 Rfe8 {[%cal Ge8e4]} (30... h5
$5 31. Rxa5 Ra8 32. Rxa8 Rxa8 $44) 31. Rf3 (31. d6 Rbd8 $1) (31. Rxa5 $6 Re1+
$1 32. Rxe1 Bxf4 33. Re3 Qb6 34. Re8+ Rxe8 35. Qxf4 Qxa5 $17) 31... Qh4 32. d6
Re4 33. Ra4 $1 Kg7 $13) 30... g5 {Now Black uses the pin along the f-file to
establish control over dark-squares. The analysis in CBM 106 stopped here,
with the evaluation that Black is doing fine. This is confirmed in the present
game.} 31. Kb2 (31. f5 Rfc8 32. Kc2 Bf4 33. Qd3 Rc5 $15) (31. e5 $2 Qxf4 $17)
31... Bxf4 32. Rxa5 Rbc8 ({There is no point for Black to enter the endgame
with} 32... Bxd2 33. Rxf6 {[%csl Rf7] since with the queens on the board
White's king feels less comfortable. Besides, here White activates his rook as
well. On the other hand it must be mentioned that even this endgame is close
to equal.}) 33. Qd3 (33. Qd4 Qxd4 34. cxd4 h5 $132) 33... Kh8 {This is a
rather strange move. The position is always about equal and of course there
are different ways to play it. In the next part White will try to advance his
passed pawns, while Black will be doing almost nothing. Even so it will turn
out that White's activity can always be risky.} (33... Rc7 $142 34. b4 $140 (
34. Ra6 $2 Rxc3 $1) 34... Rfc8 35. Ra3 h5 $132) 34. b4 Rc7 35. Kb3 Rb8 36. Ra6
{With the king on h8 this move became possible, since after 36...Rxc3+? 37.
Qxc3 the queen is pinned and cannot take on a6.} Qg7 37. c4 Be5 38. Ra8 (38. b5
g4 $13) 38... Rxa8 39. Bxa8 Rc8 40. Bd5 Rd8 41. c5 g4 $1 {Finally Black starts
his own counterplay. This is enough to keep the position balanced, even after
wasting so much time. Few more moves of doing nothing could have been fatal
for Black.} 42. Qe2 f6 43. Rc1 (43. b5 g3 44. b6 Bd4 $132) 43... Qh6 $1 44. Rc2
Qh3+ (44... Qh1 $142 $1 $36) 45. Ka4 Rb8 46. b5 g3 47. b6 Qh1 48. Ra2 (48. b7
Rd8 $5 49. c6 $140 Qa1+ 50. Ra2 Qd4+ 51. Kb5 Rxd5+ 52. exd5 Qxd5+ 53. Kb6 (53.
Kb4 Bd6+) (53. Ka6 Qxc6+) 53... Bd4+ 54. Kc7 Be5+ 55. Kb6 $11) 48... Qg1 49.
Kb5 Qb1+ 50. Ka6 (50. Kc6 $142 Qb4 $13) 50... Qb4 51. Qb5 Qc3 52. Qa5 Qf3 53.
Qd2 Qf1+ 54. Ka5 Qg1 {The last moves must have been made in mutual time
trouble.} (54... g2 {wins at once:} 55. Qxg2 Bc3+ 56. Ka4 Qb1 {[%cal Gb1b4]}
57. Bb3 Ra8+ 58. Kb5 Qxb3+ $19) 55. Kb5 Qf1+ 56. Kc6 Bf4 57. Qe2 Rc8+ 58. Kd7
Qxe2 59. Rxe2 ({After} 59. Rxe2 Rxc5 60. b7 Kg7 61. Rb2 Bb8 {White still must
fight before achieving the draw.}) 1/2-1/2

[Event "NED-ch55"]
[Site "Rotterdam"]
[Date "2000.05.10"]
[Round "4"]
[White "Tiviakov, Sergei"]
[Black "Van der Wiel, John"]
[Result "1-0"]
[WhiteElo "2567"]
[BlackElo "2558"]
[Annotator "Rogozenco,D"]
[PlyCount "81"]
[EventDate "2000.05.07"]
[EventType "tourn"]
[EventRounds "11"]
[EventCountry "NED"]
[EventCategory "12"]
[SourceTitle "CBM 077"]
[Source "ChessBase"]
[SourceDate "2000.07.27"]
[SourceVersion "1"]
[SourceVersionDate "2000.07.27"]
[SourceQuality "1"]

1. e4 c5 2. Nf3 Nc6 3. d4 cxd4 4. Nxd4 Nf6 5. Nc3 e5 6. Ndb5 d6 7. Bg5 a6 8.
Na3 b5 9. Nd5 Be7 10. Bxf6 Bxf6 11. c3 Bg5 12. Nc2 O-O 13. a4 bxa4 14. Rxa4 Kh8
{This move doesn't occur often in the practice. Black is doing well after 14. .
.. a5, maybe that is the reason. However, after the game move White is
slightly better.} (14... a5) 15. Nce3 (15. Be2 Bb7 16. O-O Ne7 17. Bc4 f5 18.
exf5 Rxf5 19. Rb4 Bc6 20. Nxe7 Qxe7 21. Bd5 $14 {1-0 Karpov,A-Yurtaev,L/URS
1979}) 15... Bxe3 16. Nxe3 a5 17. Bc4 Ne7 18. O-O f5 (18... Bb7 19. Qd3 $14)
19. exf5 Nxf5 20. Qd2 $14 {[%csl Rd6]} Nxe3 21. fxe3 $5 {With the remaining
pieces Black cannot use the weakness of e3-pawn. On the other hand this pawn
helps White to prevent Black's counterplay in the center.} Rxf1+ 22. Bxf1 Bb7 (
22... d5 23. b4 Be6 $5) 23. b4 {In this simple position Black still has to be
carefull and it is much easier to play with White, which has a clear plan of
advancing his b-pawn.} axb4 24. Rxa8 Bxa8 25. cxb4 $14 {/+/-.} Qb6 26. b5 g6
27. Qc3 Kg7 28. Kf2 Bb7 29. Be2 {White's idea is to swap Bishops, after which
the Queen endgame with a passed b-pawn might be winning.} h5 30. Qb4 {[%cal
Ge2f3]} Qc7 31. h4 Qf7+ 32. Kg3 Qc7 33. b6 Qc1 34. Kf2 Qc6 35. Bf3 Qc2+ 36. Kg3
Bxf3 $2 (36... e4 37. Qd4+ Kf7 38. Bd1 $16 {/+-.}) 37. Kxf3 $18 Qd1+ (37...
Qf5+ 38. Kg3 Qc8 39. b7 Qb8 40. Qb5 $18 {[%cal Gb5c6,Gc6c8]}) 38. Kg3 Qe2 39.
b7 Qxe3+ 40. Kh2 e4 41. Qb2+ 1-0

[Event "Corus-B"]
[Site "Wijk aan Zee"]
[Date "2002.01.17"]
[Round "3"]
[White "Van der Wiel, John"]
[Black "Nijboer, Friso"]
[Result "1/2-1/2"]
[WhiteElo "2501"]
[BlackElo "2574"]
[Annotator "Rogozenco,D"]
[PlyCount "73"]
[EventDate "2002.01.15"]
[EventType "tourn"]
[EventRounds "11"]
[EventCountry "NED"]
[EventCategory "11"]
[SourceTitle "CBM 087"]
[Source "ChessBase"]
[SourceDate "2002.03.21"]
[SourceVersion "1"]
[SourceVersionDate "2002.03.21"]
[SourceQuality "1"]

1. e4 c5 2. Nf3 Nc6 3. d4 cxd4 4. Nxd4 Nf6 5. Nc3 e5 6. Ndb5 d6 7. Bg5 a6 8.
Na3 b5 9. Bxf6 gxf6 10. Nd5 f5 11. c3 Bg7 12. exf5 Bxf5 13. Nc2 O-O 14. Nce3
Be6 15. Bd3 f5 16. Qh5 {This most active move in the position is Ruslan
Ponomariov's favourite way to fight against Sveshnikov Sicilian.} Qd7 {A
relatively quiet continuation aiming to trade queens. The arising endgames are
slightly better for White.} (16... e4 {is a more principled reply.} 17. Bc2 Ne7
18. Rd1 b4 $5 (18... Ng6 19. f4 exf3 20. gxf3 Qd7 (20... f4 21. Nf5 Bxf5 22.
Bxf5 Re8+ 23. Kf2 Re5 24. Rhe1 $16 {1-0 Ponomariov,R-Mikhaletz,L/Donetsk 1998 
(49)}) 21. O-O Qf7 22. f4 Rac8 23. Rf3 Rc5 24. Rh3 h6 25. Rg3 Kh7 26. b4 Rcc8
27. Rd2 $16 {1-0 Ponomariov,R-Eljanov,P/Kharkov 2001 (32)}) 19. O-O bxc3 20.
bxc3 Kh8 21. g3 Rc8 22. Bb3 Bf7 23. Qe2 Bxd5 24. Nxd5 Nxd5 25. Bxd5 a5 26. c4
Rb8 {1/2-1/2 Ponomariov,R-Leko,P/Yerevan 2001}) (16... Ra7 $5) 17. Bc2 ({
The tactical background of 16. ... Qd7 is that} 17. Nb6 {brings nothing in
view of} Qe8 $11) ({Main attempt is} 17. g4 {when after} e4 18. Bc2 {Black has
several options:} Rae8 (18... Bxd5 19. Nxd5 Rae8 20. O-O-O fxg4 21. Rhg1 Re5
22. Qxg4 Qxg4 23. Rxg4 Rxf2 24. Rdg1 Rf7 25. Bb3 $36 {0-1 Horvath,J-Muse,M/
Budapest 1986 (60)}) (18... Bf7 19. Qxf5 Qxf5 20. gxf5 Bxd5 21. Nxd5 Rxf5 $14)
19. O-O-O Ne5 20. gxf5 Bxf5 21. Nb6 Bg4 22. Nxd7 Bxh5 23. Nxf8 Bxd1 24. Nxd1
Rxf8 25. Bxe4 Rf4 26. Bd5+ Kf8 $44 {0-1 Vogt,L-Klundt,K/Bad Woerishofen 1992 
(42)}) 17... Qf7 (17... e4 18. Nf4 $14 (18. g4 {see 17.g4.})) 18. Qh4 (18.
Qxf7+ Rxf7 19. O-O-O Re8 20. Kb1 Na5 21. Nb4 f4 22. Ned5 $14 {1-0 Moldovan,
D-Gilbert,C/Bucharest 1993 (49)}) 18... Bf6 19. Nxf6+ Qxf6 20. Qxf6 Rxf6 21.
O-O-O {After simplifications, which are characteristic for 16. ... Qd7
variation, White got a slightly better endgame.} Rd8 22. Nd5 (22. Bb3 Bxb3 23.
axb3 Ne7 $11) 22... Bxd5 23. Rxd5 Ne7 24. Rd2 Kf8 (24... d5 25. Re1 $14) 25.
Rhd1 Nc8 26. Rd5 (26. f4 e4 27. g4 e3 28. Re2 fxg4 29. Rxe3 Rxf4 30. Bxh7 Re8
$11) (26. a4 $5 Ke7 $140 27. axb5 axb5 28. Rd5) 26... Ke7 27. f4 e4 28. g4 {
Leads to further simplifications and a draw.} fxg4 29. Bxe4 Rxf4 30. Bxh7 Nb6
31. Rf5 Rf8 32. Re1+ Kd7 33. Rxf8 Rxf8 34. Bd3 Nd5 35. Re4 Nf4 36. Bc2 d5 37.
Re5 (37. Re5 Rh8 38. Rg5 (38. Rf5 Ne2+ 39. Kd1 Rxh2 40. Rxd5+ Kc7 $15 {[%cal
Gg4g3]}) 38... Rxh2 39. Rxg4 $11) 1/2-1/2